GeoGuessr - US telephone area codes - Level 9 - Statistics

General Stats
  • This quiz has been taken 32 times
  • The average score is 37 of 68
Answer Stats
Hint Answer % Correct
479 Arkansas
80%
501 Arkansas
80%
302 Delaware
80%
641 Iowa
80%
913 Kansas
80%
406 Montana
80%
603 New Hampshire
80%
401 Rhode Island
80%
907 Alaska
60%
480 Arizona
60%
602 Arizona
60%
870 Arkansas
60%
303 Colorado
60%
719 Colorado
60%
970 Colorado
60%
203 Connecticut
60%
475 Connecticut
60%
808 Hawaii
60%
208 Idaho
60%
319 Iowa
60%
515 Iowa
60%
563 Iowa
60%
712 Iowa
60%
316 Kansas
60%
207 Maine
60%
228 Mississippi
60%
662 Mississippi
60%
308 Nebraska
60%
402 Nebraska
60%
702 Nevada
60%
505 New Mexico
60%
575 New Mexico
60%
701 North Dakota
60%
405 Oklahoma
60%
503 Oregon
60%
803 South Carolina
60%
843 South Carolina
60%
864 South Carolina
60%
801 Utah
60%
802 Vermont
60%
771 Washington, D.C.
60%
304 West Virginia
60%
681 West Virginia
60%
307 Wyoming
60%
520 Arizona
40%
623 Arizona
40%
928 Arizona
40%
720 Colorado
40%
860 Connecticut
40%
959 Connecticut
40%
986 Idaho
40%
620 Kansas
40%
785 Kansas
40%
601 Mississippi
40%
769 Mississippi
40%
531 Nebraska
40%
725 Nevada
40%
775 Nevada
40%
580 Oklahoma
40%
918 Oklahoma
40%
541 Oregon
40%
971 Oregon
40%
854 South Carolina
40%
385 Utah
40%
435 Utah
40%
202 Washington, D.C.
40%
458 Oregon
20%
605 South Dakota
20%
No matching quizzes found
Score Distribution
Percent of People with Each Score
Percentile by Number Answered
Your Score History
You have not taken this quiz